000 00614nam a22002177a 4500
005 20210316123755.0
008 210316b ||||| |||| 00| 0 eng d
020 _a9789381784983
040 _aIN-DiNC
_cIN-DiNC
041 _deng
082 _a371.001
_bCHA
100 _aChaliha, Asomi
_eauthor
245 _aFoundations of education /
_cby Asomi Chaliha, Tarun Saikia and Runu Bora Saikia
250 _a2nd ed.
260 _aJorhat:
_bBidya bhawan,
_c2017
300 _a295p.
650 _aEducational theory
700 _aSaikia, Tarun
_eauthor
700 _aSaikia, Runu Bora
_eauthor
942 _2ddc
_cBK
999 _c11159
_d11159